Séries adhérentes régularisation des suites applications
Kaydedildi:
| Yazar: | |
|---|---|
| Materyal Türü: | Kitap |
| Dil: | Fransızca |
| Baskı/Yayın Bilgisi: |
París
Gauthier-Villars
1952
|
| Seri Bilgileri: | Collection de Monographies sur la Théorie des Fonctions
|
| Konular: | |
| Etiketler: |
Etiketle
Etiket eklenmemiş, İlk siz ekleyin!
|
MARC
| LEADER | 00000nam a2200000 a 4500 | ||
|---|---|---|---|
| 001 | UCP1415 | ||
| 003 | CL-VaPUC | ||
| 008 | 990409e19520000FR |||||||||||||||||fre|d | ||
| 082 | 0 | 4 | |a 515.7 |b MAN |2 21 |
| 100 | |a Mandelbrojt, Szolem |e autor |9 427473 | ||
| 245 | 1 | 0 | |a Séries adhérentes régularisation des suites applications |
| 300 | |a 277 p | ||
| 942 | |c BK | ||
| 945 | |d 19990409 00:00:00 |a crobeson | ||
| 260 | |a París |b Gauthier-Villars |c 1952 | ||
| 650 | 0 | |a Análisis funcional |9 269993 | |
| 650 | 7 | |a CONGRUENCIA |2 CL-VaPUC |9 422357 | |
| 650 | 7 | |a ESPACIOS DE BANACH |2 CL-VaPUC |9 260167 | |
| 650 | 7 | |a SERIES |2 CL-VaPUC |9 325542 | |
| 583 | |a last modification |c 19990409 00:00:00 |k Rodrigo Vera | ||
| 490 | 0 | |a Collection de Monographies sur la Théorie des Fonctions | |
| 999 | |c 280093 |d 280091 | ||
| 952 | |0 0 |1 0 |4 0 |6 515_700000000000000_MAN_1952 |7 0 |8 A |9 320098 |a BIBMAT |b BIBMAT |d 2019-11-20 |i 1340697 |o 515.7 MAN 1952 |p 1340697 |r 2025-01-07 |w 2019-11-20 |y BK |k MAT | ||
| 952 | |0 0 |1 0 |4 0 |6 515_700000000000000_MAN_1952 |7 0 |8 A |9 320099 |a BIBMAT |b BIBMAT |d 2019-11-20 |i 1340700 |o 515.7 MAN 1952 |p 1340700 |r 2025-01-07 |w 2019-11-20 |y BK |k MAT | ||